00632 a2200181 4500000002100000001000700021005001700028008004100045020001800086082001400104100008300118245011800201260003200319300001000351630002200361700003300383700003400416BKB 13793820200902153337.0  a9788130909288 a903bE19E1 aEncyclopedia of world history : the first global age 1450 to 1750 (Volume III)1 aEncyclopedia of world history : the first global age 1450 to 1750 (Volume III)cby Marsha E. Ackermann...[et al.] aNew DelhibViva Booksc2013 a440p. aGeneral Reference aAckermann, Marsha E. ed.bc aSchroeder, Michael J. ed.bc